000
00315nam a22001337a 4500
008
170715b xxu||||| |||| 00| 0 eng d
020
_a
2900495507368
041
_a
eng
080
_2
2ND
_a
572
100
_a
24
101
_a
ANT
245
_a
CLASSIC READINGS IN CULTURAL ANTHROPOLOGY
_c
FERRARO,G
942
_2
udc
_c
BK
999
_c
21096
_d
21096